000 00684cam a2200253 4500
008 090401t1995 xxu||||| |||| 00| 0 eng d
020 _a0727720538
035 _a(Sirsi) u28145
041 _aeng
050 _a711.7
245 _aPrivatized infrastructure: the build operate transfer approach.
260 _aLondon
_bThomas Telford
_c1995
300 _a258p. ; 24cm.
350 _a55
650 _aBOOT PROJECTS
650 _aBOT PROJECTS
650 _aBUILD OPERATE TRANSFER
650 _aPRIVATE FINANCE
650 _aPRIVATISED INFRASTRUCTURE
690 _aBUILT ENVIRONMENT
700 _aWalker, C. & Smith, A.J.,
_xEditor
942 _n0
948 _c04/03/1997
999 _c89210
_d89210